00446nam a22001577a 450000300070000000500170000700800410002402000230006504000090008808200160009710000240011324500610013725000120019826000560021030000220026633001020251121110248.0251121b sa ||||| |||| 00| 0 eng d a9780986996818qhbk c3228 0a641.51 NDOY a Ndoyiya, Xoliswa  aUkutya Kwasekhaya :bTaste From Nelson Mandela's Kitchen a1st Ed. aJohannesburgbReal African Publishers Pty Ltdc2011 a173 pagesc28 cm